| 000 | 01315nam a2200301 a 4500 | ||
|---|---|---|---|
| 001 | |||
| 003 | OSt | ||
| 005 | 20211122124830.0 | ||
| 007 | ta | ||
| 008 | 180830e2016 dr ad eri 001 0 spa d | ||
| 020 | _a9789945895889 | ||
| 040 |
_aDO-SdBNP _bspa _cBPMSU |
||
| 041 | _h | ||
| 082 |
_a361.097293 _bV145p 2016 _222 |
||
| 100 | 1 | _aValdéz Ramírez, Julia A. | |
| 245 | 1 | 0 |
_aPolítica social dominicana : _bcontextos, instituciones e inversiones desde sus inicios hasta 2012 / _cJulián A. Valdés Ramírez. |
| 260 |
_aSanto Domingo : _bCuesta Veliz, _c2016. |
||
| 300 |
_a355 p.: _bils. gráficos ; _c26 cm. |
||
| 500 | _aIncluye datos biográficos del autor en la solapa de la cubierta | ||
| 504 | _aBibliografía p. (341-355) | ||
| 505 | 0 |
_aEstado,, ciudadanía y política social -- _tLos orígenes de la política social dominicana -- _tPolítica social como meciación capital-trabajo -- _tPolítca social contrainsurgente -- _tFallida demostración del bienestar -- _tLa transición (o política social a la deriva ) -- _tSubsidiarismo truncado. |
|
| 590 | _aInventariado, 2021/VM | ||
| 651 | 4 |
_aRepública Dominicana _xPolítica Social _xHistoria |
|
| 651 | 4 |
_aRepública Dominicana _xCondiciones Sociales |
|
| 651 | 4 |
_aAmérica Latina _xCondiciones Sociales |
|
| 910 | _aVMateo V | ||
| 942 |
_2ddc _cBK |
||
| 999 |
_c13888 _d13888 |
||